Responses for show #65 - Friday, December 7, 1984

Ric Moser game 1.

Contestants

Ric Moser, a printing broker from Raymore, Missouri

Amy Phillips, a research student originally from Clifton, New Jersey

Jay Mann, an animal control dispacher from Anaheim, California (whose 1-day cash winnings total $5,400)

Jeopardy! Round responses

U.S. STATES
STARTS WITH "B"
THE BIBLE
TOYS & GAMES
WATER SPORTS
ALL THAT JAZZ
    $100 6
Alaska and Hawaii

Amy
    $100 7
the blimp

Amy
    $100 13
(Jay: [no response])

Exodus

Jay
Triple Stumper
    $100 1
Nerf (or foam rubber)

Jay
    $100 12
water skiing

Ric
    $100 20
(Jay: What is a cornet?)

the trumpet

JayAmy
    $200 14
Michigan

Ric
    $200 8
Buck

Jay
    $200 23
the golden calf

Jay
    $200 2
rock (or a stone)

Jay
    $200 18
trolling

Jay
    $200 24
the swing

Jay
    $300 15
(Jay: What is, um, Colorado?)

Oklahoma

JayRic
    $300 9
bequeath

Amy
    $300 3
12

Jay
    $400 19
(Jay: What is, "Hehehehe, [*]?")
(Alex: ...and I don't know if we need the sound effects from you Jay, but, as long as you keep us entertained, that's great.)

wipeout

Jay
    $400 16
(Alex: You're right. This is your part of the country, obviously.)
(Ric: Must be.)

Arkansas

Ric
    $400 10
(Jay: [no response])

a burr

Jay
Triple Stumper
    $400 4
Silly Putty

Jay
    $400 21
water polo

Ric
    $500 17
(Alex: We could have added also, Johnny Carson.)

Nebraska

Triple Stumper
    $500 11
Botany Bay

Amy
    $500 5
a yo-yo

Ric
    $500 22
(Alex: It gave its name to the trophy. What is [*]. [*]'s Cup.)

the America

Triple Stumper

Scores at the first commercial break (after clue 11):

Jay Amy Ric
$800 $1,000 $500

Scores at the end of the Jeopardy! Round:

Jay Amy Ric
$1,300 $1,100 $1,900

Double Jeopardy! Round responses

HISTORY
FAMOUS QUOTES
THE DESERT
ODD JOBS
SOUTH AMERICA
HUMAN VISION
    $200 2
Persia

Ric
    $200 9
laughter

Ric
    $200 11
kinds of cacti

Jay
    $200 16
a gofer (or a runner or a production assistant)

Amy
    $200 22
the Amazon

Jay
    $200 1
colorblindness

Ric
    $400 3
(Amy: Who are the Incas?)

the Mayans

JayAmy
    $400 15
hope

Amy
    $400 12
Death Valley

Jay
    $400 17
a bail bondsman

Amy
    $400 24
piranha

Amy
    $400 4
(Ric: What are spectacles?)

a lorgnette

JayRic
    $600 7
(Amy: What is Austria?)

Czechoslovakia

AmyRic
    $600 19
Queen Victoria

Amy
    $600 13
oases

Jay
    $600 18
a calligrapher

Ric
    $600 27
Uruguay

Ric
    $600 5
farsightedness

Jay
    $800 8
the Saxons

Jay
    $800 26
(Ric: Who is James Joyce?)

Joyce Kilmer

JayRic
    $900 14
(Jay: Who is DeLise?)

Georgia O'Keeffe

Jay
    $800 20
(Amy: [no response])

bookies

JayAmy
    $800 6
(Jay: What are bifocals?)

contact lenses

JayRic
    $1000 10
the Huguenots

Ric
    $1000 25
the Gobi

Ric
    $1000 21
arrows

Jay
    $1000 28
(Jay: [no response])

Green Mansions

JayRic
    $1000 23
an ophthalmologist

Jay

Scores at the end of the Double Jeopardy! Round:

Jay Amy Ric
$5,800 $1,300 $6,900

[wagering suggestions for these scores]

Final Jeopardy! Round responses

TITLED HEADS
AmyWho is Catherine?
$1,200
JayWho was Catherine?
$4,800
RicWho is Catherine of Aragon
$4,900
Mary, Queen of Scots

Final scores:

Jay Amy Ric
$1,000 $100 $2,000
2nd place: bedroom furniture and linens 3rd place: lamps New champion: $2,000

Game dynamics:

Coryat scores:

Jay Amy Ric
$6,600 $1,300 $6,900
21 R
(including 1 DD),
7 W
(including 1 DD)
10 R,
3 W
16 R,
2 W

Combined Coryat: $14,800

The J! Archive is created by fans, for fans. The Jeopardy! game show and all elements thereof, including but not limited to copyright and trademark thereto, are the property of Jeopardy Productions, Inc. and are protected under law. This website is not affiliated with, sponsored by, or operated by Jeopardy Productions, Inc. Join the discussion at JBoard.tv.